[Event "Pinzgauer MS"]
[Site "?"]
[Date "1999.11.12"]
[Round "3"]
[White "Grundner, Alois"]
[Black "Mitteregger, Klaus"]
[Result "0-1"]
[WhiteElo "1922"]
[BlackElo "1880"]
[Annotator "Grundner,A"]
[PlyCount "124"]

1. d4 Nf6 2. c4 g6 {aus dem Buch} 3. Nc3 Bg7 4. e4 O-O 5. e5 Ne8 6. f4 d6 7.
Be3 f6 8. Nf3 dxe5 9. dxe5 Qxd1+ 10. Rxd1 c6 11. Be2 Nd7 12. e6 Nb6 13. c5 Nd5
14. Nxd5 cxd5 15. Rxd5 ({-0.22 Fritz 5.00:} 15. Nd4 Nc7 16. f5 gxf5 17. Nxf5
Bxe6 18. Nxe7+ Kh8 {[%eval 16,6]}) 15... Bxe6 16. Rd2 Bxa2 17. O-O ({-0.41
Fritz 5.00:} 17. Rd7 Rb8 18. O-O e5 19. Rfd1 Be6 {[%eval -6,6]}) 17... Be6 18.
Nd4 Bf7 19. f5 Nc7 20. Bf3 Nd5 21. Bxd5 Bxd5 22. Ne6 ({-0.63 Fritz 5.00:} 22.
fxg6 hxg6 23. Nf5 Bc4 {[%eval -25,6]}) 22... Bc4 23. Rc1 Bxe6 24. fxe6 f5 25.
Rd7 f4 26. Bf2 Bxb2 27. Rb1 Bf6 28. Rbxb7 a5 29. c6 a4 30. Bd4 a3 31. Bxf6 Rxf6
32. Ra7 ({-0.09 Fritz 5.00:} 32. Rxe7 Rxe6 33. Rg7+ Kf8 34. Rxh7 Kg8 {[%eval
91,6]}) 32... Rxa7 33. Rxa7 Rf8 34. Rxa3 Kg7 35. Rc3 Kf6 36. c7 Rc8 37. Rc6 Ke5
38. Kf2 Kd5 39. Rc2 Kxe6 40. Kf3 g5 41. h4 ({-1.09 Fritz 5.00:} 41. Kg4 h6 42.
h4 Kf6 43. Rc5 e6 44. hxg5+ hxg5 45. Rxg5 {[%eval -34,6]}) 41... gxh4 42. Kxf4
Kd7 43. Rc4 Rxc7 44. Rd4+ Ke6 45. Kf3 Rc3+ 46. Kg4 Rg3+ 47. Kxh4 Rxg2 48. Kh3
Rg7 49. Ra4 Kf6 50. Rf4+ Ke5 51. Ra4 e6 52. Kh2 Kf5 53. Rb4 e5 54. Rb8 e4 55.
Re8 Kf4 56. Rf8+ Ke3 57. Re8 Kf3 58. Rf8+ Ke2 59. Re8 e3 60. Re6 Kf2 61. Rf6+
Ke1 62. Re6 e2 0-1

[Event "Pinzg.MS"]
[Site "?"]
[Date "1999.12.08"]
[Round "7"]
[White "Grundner, Alois"]
[Black "Berti, Rudolf"]
[Result "0-1"]
[WhiteElo "1922"]
[BlackElo "1820"]
[Annotator "Grundner,A"]
[PlyCount "96"]

1. d4 Nf6 2. c4 g6 {aus dem Buch} 3. Nc3 Bg7 4. e4 d6 5. Be2 O-O 6. f4 c5 7. d5
Ne8 8. Be3 b6 9. Nf3 Nd7 10. O-O f5 ({0.59 Fritz 5.00:} 10... Nef6 11. Bd3 Ng4
12. Bd2 Bxc3 13. bxc3 e5 14. Ng5 Ndf6 15. h3 {[%eval 25,10]}) 11. Ng5 Nb8 12.
Bf3 fxe4 13. Bxe4 Na6 14. Ne6 Bxe6 15. dxe6 Nac7 ({1.06 Fritz 5.00:} 15... Rb8
16. f5 Bxc3 17. bxc3 gxf5 18. Bxf5 Ng7 19. Qg4 Qc7 20. Rad1 {[%eval 69,9]}) 16.
Bxa8 Qxa8 17. Nd5 Nxd5 18. Qxd5 Qxd5 19. cxd5 Bxb2 20. Rad1 Nc7 21. g4 b5 22.
f5 a5 23. Bg5 Bf6 24. Bh6 Bg7 25. Be3 ({0.00 Fritz 5.00:} 25. Bxg7 Kxg7 26.
fxg6 Rxf1+ 27. Rxf1 hxg6 28. Rf7+ Kh6 29. Rxe7 Nxd5 {[%eval 31,9]}) 25... b4 ({
0.50 Fritz 5.00:} 25... Bb2 {[%eval 0,11]}) 26. fxg6 Rxf1+ 27. Kxf1 hxg6 28.
Ke2 Nb5 29. Bg5 ({-1.03 Fritz 5.00:} 29. Kf3 Nc3 30. Rd2 Nb1 31. Rd3 Nc3 32.
Bg5 c4 33. Rd2 {[%eval 3,9]}) 29... Nc3+ 30. Ke1 Kf8 ({-0.19 Fritz 5.00:} 30...
Nxd1 31. Kxd1 Bf6 32. Be3 c4 33. g5 Be5 34. Bb6 a4 35. h4 {[%eval -97,10]}) 31.
Rd2 ({-1.03 Fritz 5.00:} 31. Rd3 Ke8 32. h4 Nxa2 33. Rf3 Nc3 34. Bxe7 Be5 35.
Rf7 Nxd5 {[%eval -16,10]}) 31... Ne4 32. Be3 ({-1.91 Fritz 5.00:} 32. Rf2+ {
[%eval -141,11]}) 32... Bc3 33. h4 Nf6 34. Bh6+ Kg8 35. Bg5 Nxd5 36. h5 gxh5
37. gxh5 a4 38. Kd1 Bxd2 39. Kxd2 c4 40. Kc2 b3+ 41. axb3 axb3+ 42. Kb2 Nc7 43.
Bxe7 d5 44. Bf6 Nxe6 45. Bc3 d4 46. Bd2 Nc5 47. Bg5 ({-7.81 Fritz 5.00:} 47.
Ba5 Na4+ 48. Ka3 b2 49. Ka2 d3 50. h6 c3 51. h7+ Kh8 {[%eval -506,11]}) 47...
c3+ 48. Kb1 ({-3.94 Fritz 5.00:} 48. Ka3 b2 49. Ka2 Ne4 50. Kb1 Nd2+ 51. Bxd2
cxd2 52. Kc2 d1=Q+ {[%eval -931,10]}) 48... d3 0-1

[Event "Schwarzach Open"]
[Site "?"]
[Date "1999.08.21"]
[Round "1"]
[White "Grundner, Alois"]
[Black "Hoellrigl, Wilfried"]
[Result "1/2-1/2"]
[WhiteElo "1922"]
[BlackElo "2174"]
[Annotator "Fritz 5.00 (10s)"]
[PlyCount "160"]
[EventDate "2000.??.??"]

1. d4 Nf6 {Opening = E77 - Königsindisch-Vierbauern Variante /King's
Indian-Four Pawn's V. aus dem Buch} 2. c4 g6 3. Nc3 Bg7 4. e4 d6 5. Be2 O-O 6.
f4 Na6 7. Nf3 e5 $16 (7... c5 $5 $14) 8. O-O $11 (8. fxe5 $142 $5 dxe5 9. Nxe5
$16) 8... exd4 9. Nxd4 Re8 10. Bf3 Nc5 {[%cal Rc5e4,Re8e4,Rf6e4,Gc3e4,Gf3e4]
Wird e4 fallen?} 11. Re1 c6 {Deckt b5} 12. Kh1 $15 (12. b4 Ncxe4 13. Bxe4 $15 (
13. Rxe4 Nxe4 14. Nxe4 Bg4 $19)) 12... Qb6 $11 (12... Ng4 13. Re2 $15) 13. Nb3
Nxb3 14. axb3 Be6 15. Be3 Qc7 16. Qc2 ({Weniger gut ist} 16. Rxa7 Rxa7 17. Bxa7
b6 $17) ({Und nicht} 16. Bxa7 b6 $17) 16... Bg4 17. Qf2 {[%cal Ra1a7,Re3a7,
Rf2a7,Ga8a7] Der Druck auf a7 wächst} Bxf3 18. Qxf3 a6 {Kontrolliert b5} 19.
Bd4 b5 20. e5 {Weiß engt den Gegner ein} dxe5 21. Bxe5 {Schwarz erhält starke
Drohungen in der geöffneten e-Linie} Qb6 22. cxb5 axb5 23. Rac1 Rad8 24. Rcd1
b4 25. Ne2 Rxd1 {Mit der Mattdrohung Txe1} 26. Rxd1 Nd5 27. Bxg7 Kxg7 28. Ng3 (
28. g3 Re3 29. Qg2 Rxb3 $17) 28... Qe3 29. Qg4 $19 (29. Qxe3 $5 Rxe3 30. f5 $17
) 29... Qe1+ (29... Qxf4 $4 {der kann natürlich nicht genommen werden} 30. Nh5+
Kf8 31. Nxf4 $18) (29... Nxf4 $4 30. Nf5+ Kg8 31. Nxe3 $18) 30. Nf1 Qe2 31.
Qxe2 Rxe2 32. Rd2 Rxd2 33. Nxd2 Nxf4 34. g3 Nd3 35. Nc4 Kf6 36. Kg2 Ke6 37. Kf3
Kd5 38. Ke3 Nc5 39. Nb6+ Ke5 40. Nc4+ Kd5 $11 (40... Ke6 $142 $17) 41. Nb6+ Kd6
42. Nc4+ Ke6 43. Na5 Kd7 $17 (43... Kd5 $5 $19) 44. Kd4 Ne6+ 45. Ke5 {Der
weiße König wird gefährlich} f5 46. Nxc6 Kxc6 47. Kxe6 Kc5 48. Ke5 g5 $2 $18 (
48... Kc6 $142 $11 {sieht noch spielbar aus}) 49. Kxf5 Kd4 50. Kxg5 Kd3 51. Kh6
Kc2 52. Kxh7 {Der Freibauer g3 greift sofort ein} Kxb2 53. g4 Kxb3 54. g5 Ka4
55. g6 b3 56. g7 b2 57. g8=Q b1=Q+ 58. Qg6 Qe1 59. Qg4+ Kb5 60. Qg5+ Kc4 61. h4
Qe4+ 62. Kh6 Qe6+ 63. Qg6 Qe3+ 64. Kg7 Qe5+ 65. Qf6 Qg3+ 66. Kh7 Qd3+ 67. Kh8
Qd7 68. Qg7 Qf5 69. Qg5 Qd7 70. h5 Qd4+ 71. Qg7 Qe4 72. h6 Kb5 73. Kg8 Qe8+ 74.
Qf8 {Droht Matt: Dxe8} Qe6+ 75. Kh7 Qe4+ 76. Kh8 $4 $11 {danach kann Weiß alle
Träume begraben} (76. Kg7 $142 $18 {mit klarem Vorteil für Weiß}) 76... Qe5+
77. Qg7 {Droht Matt} Qe8+ $4 $18 {gibt den Vorteil aus der Hand} (77... Qe4 78.
Qf6 Kc5 $18) 78. Kh7 Qe4+ 79. Kg8 $4 $11 {danach wendet sich das Blatt} (79.
Qg6 $142 {und die Waage neigt sich zugunsten von Weiß} Qb7+ 80. Kg8 Qc8+ 81.
Kg7 Qc7+ 82. Qf7 Qg3+ 83. Kh7 $18) 79... Qe8+ 80. Qf8 {Es droht Matt} Qe6+
1/2-1/2

[Event "LLA"]
[Site "?"]
[Date "2000.02.19"]
[Round "8"]
[White "Grundner, Alois"]
[Black "Huber, Wolfgang"]
[Result "1/2-1/2"]
[WhiteElo "1855"]
[BlackElo "1979"]
[Annotator "Fritz 5.00 (51s)"]
[PlyCount "49"]

1. d4 Nf6 {Opening = Königsindisch} 2. c4 g6 3. Nc3 Bg7 4. e4 d6 5. Be2 O-O 6.
f4 c5 7. d5 {Weiß engt den Gegner ein} Re8 8. Nf3 Na6 9. O-O Nc7 10. Ne1 Nd7
11. Be3 (11. Qd3 a6 $11) 11... Bh6 (11... e6 12. dxe6 Rxe6 13. Bf3 $11) 12. Qd2
Rb8 13. a4 b6 14. Nd3 Rf8 15. Rf3 Nf6 16. Rg3 Kh8 17. Rf1 a6 {Befestigt b5} 18.
Nf2 Rg8 19. e5 {Der thematische Vorstoß} Nd7 20. exd6 exd6 21. Nfe4 Nf6 22. Ng5
Rf8 23. f5 Bxf5 24. Nxf7+ Rxf7 25. Bxh6 1/2-1/2

[Event "Schwarzach Open"]
[Site "?"]
[Date "1999.07.03"]
[Round "?"]
[White "Grundner, Alois"]
[Black "Reschreiter, Hans-Peter"]
[Result "1/2-1/2"]
[WhiteElo "1900"]
[BlackElo "1860"]
[Annotator "Fritz 5.00 (5s)"]
[PlyCount "74"]
[EventDate "2000.??.??"]

1. d4 Nf6 {Opening = E90 - Königsindisch-Klassisches System /King's
Indian-Classical Syst. aus dem Buch} 2. Nf3 g6 3. c4 Bg7 4. Nc3 O-O 5. e4 d6 {
Verwehrt dem Gegner e5} 6. Bd3 Nbd7 7. O-O c5 8. d5 {Weiß engt den Gegner ein}
Ne8 9. Be3 Ne5 10. Nxe5 Bxe5 11. f4 Bg7 12. Qd2 Nf6 13. h3 {Sichert g4} Nd7 14.
Rae1 a6 {Deckt b5} 15. a4 b6 16. Bc2 a5 17. b3 Ba6 18. Nd1 Qc7 19. Nf2 Bc8 20.
Nd3 Nf6 21. Bf2 Nd7 {[%cal Ya6b4,Yb8a6,Yd7b8,Yf6d7] Mit der Idee
Sf6-d7-b8-a6-b4} 22. Bd1 f6 $16 {Befestigt e5} (22... e6 23. Bg4 Nf6 24. Bf3
exd5 25. cxd5 $14) 23. Bg4 Nb8 24. Bf3 $14 (24. Bxc8 Rxc8 25. f5 g5 $16) 24...
Ra7 25. Bg3 f5 26. e5 {Spiel gegen die Bauernkette} Na6 27. Re2 Nb4 {Der
Springer dominiert} 28. Nxb4 axb4 {Raumgewinn} 29. Rfe1 Re8 30. Bh4 Rb7 31. Kh2
Ra7 32. Qd3 Rb7 33. exd6 Qxd6 34. Bg3 Bf6 35. Kh1 Ra7 36. Bh2 Bc3 37. Rf1 e5
$16 (37... e5 38. fxe5 Bxe5 39. Bxe5 Rxe5 40. Rxe5 Qxe5 $16) (37... e6 $5 $11 {
steht zur Diskussion}) 1/2-1/2

[Event "LMS, 1.Kl.Süd"]
[Site "?"]
[Date "2004.09.30"]
[Round "1"]
[White "Grundner, Alois"]
[Black "Fraissl, Reinhard"]
[Result "1-0"]
[WhiteElo "1871"]
[BlackElo "1568"]
[Annotator ",lois"]
[PlyCount "72"]

1. d4 Nf6 {Opening = A52 - Budapester Gambit-Hauptvariante /Budapest
Defence-main line} 2. c4 e5 3. dxe5 Ng4 4. Nf3 Nc6 5. e3 Ngxe5 6. Nxe5 Nxe5 7.
Be2 Bb4+ 8. Bd2 Bxd2+ 9. Qxd2 O-O 10. O-O d6 11. Nc3 Bg4 {aus dem Buch} 12. f3
Be6 13. b3 Nd7 14. Bd3 Nf6 15. Rad1 h6 16. Qf2 Qe7 17. Bb1 g6 {Sichert f5} 18.
Rfe1 Nh7 19. Qg3 Qg5 $16 (19... Nf6 20. Qh4 Nd5 21. Qxe7 Nxe7 22. Be4 $14) 20.
Qf2 $11 (20. Qxg5 $142 $5 Nxg5 21. h4 $16) 20... Qe7 21. e4 a6 {Kontrolliert b5
} 22. Rd2 Rfe8 23. Rde2 Qf6 24. Qe3 Qg5 $16 (24... Qh4 $5 $14) 25. f4 $14 (25.
Qxg5 Nxg5 26. f4 Nh7 $16) 25... Qd8 26. Qg3 Nf6 27. f5 {Raumgewinn} Nh5 28. Qe3
$11 (28. Qf3 $5 Bd7 29. fxg6 fxg6 30. e5 Rxe5 31. Bxg6 $18) 28... Bxf5 29. Qxh6
Be6 30. Re3 $11 (30. e5 dxe5 31. Rxe5 Qd4+ 32. Qe3 Qxe3+ 33. R5xe3 Bd7 $14)
30... Qf6 $14 (30... Nf6 31. h3 $11) 31. e5 {Mit der Mattdrohung exf6} Qf4 $18
(31... dxe5 $142 $5 {ist zu beachten} 32. Rxe5 Ng7 $14) 32. Qxf4 Nxf4 33. exd6
cxd6 34. g3 Nh3+ 35. Kg2 Ng5 36. h4 Bh3+ (36... Bh3+ 37. Kh2 Nf3+ 38. Rxf3 Rxe1
39. Kxh3 Rae8 $18) 1-0

[Event "Pzg.MS"]
[Site "?"]
[Date "2000.10.13"]
[Round "1"]
[White "Grundner, Alois"]
[Black "Posch, Manfred"]
[Result "1-0"]
[WhiteElo "1874"]
[BlackElo "1370"]
[Annotator "Fritz 5.00 (15s)"]
[PlyCount "109"]

1. d4 Nf6 {Opening = E90 - Königsindisch-Klassisches System /King's
Indian-Classical Syst} 2. Nf3 g6 3. c4 Bg7 4. Nc3 O-O 5. e4 d6 {Befestigt e5}
6. Bd3 Nbd7 7. O-O e5 8. d5 {Raumgewinn} Nc5 9. Bc2 Bg4 10. b4 Ncd7 $14 (10...
Ncxe4 11. Bxe4 Nxe4 12. Nxe4 f5 $14) 11. Qd3 $11 (11. h3 Bh5 $14) 11... Nh5 12.
Bd2 Nf4 13. Bxf4 exf4 14. Rae1 $15 (14. Rab1 f5 $11) 14... Ne5 $11 (14... a5
$142 $5 {steht zur Diskussion} 15. b5 Nc5 $17) 15. Nxe5 Bxe5 {Der Läufer steht
auf e5 komfortabel} 16. f3 Bd7 17. Bb3 Qf6 18. Ne2 Rae8 19. Rc1 Rc8 20. Rfd1
Qg5 21. Nd4 Bh3 {Droht Matt: Dxg2} 22. Qe2 Rfd8 23. Rc2 a6 {Überdeckt b5} 24.
c5 {Weiß engt den Gegner ein} Bd7 $16 (24... Ra8 $5 $14) 25. a4 $11 (25. Ne6 $5
fxe6 26. dxe6 $16) 25... Qf6 26. Qf2 c6 {Stärkt b5} 27. Ne2 cxd5 28. exd5 dxc5
$16 (28... Re8 $5 $11 {kam sehr in Betracht}) 29. bxc5 Be6 30. Rcd2 Bf5 31. Bc2
$15 (31. Rc1 $142 $16) 31... Bxc2 32. Rxc2 Rd7 $11 (32... Qc6 $142 $1 33. Rcd2
Qxc5 34. Qxc5 Rxc5 $17) 33. Kf1 $15 (33. Rcc1 $5 $11) 33... Qe7 $14 (33... Qd8
$142 $5 {ist vielleicht stärker} 34. Rcd2 Qa5 $17) 34. d6 {Weiß hat einen
starken Freibauern} Qe6 35. Rdc1 $15 (35. Nd4 $5 {kommt in Betracht} Qd5 36.
Rdd2 $11) 35... Qb3 36. Rc4 $17 (36. Rd2 $5 $15 {ist zu beachten}) 36... Bxd6
$4 $18 {danach wendet sich das Blatt} (36... Bb2 $142 37. R1c2 b5 38. axb5 axb5
$19) 37. Qd4 $1 {glänzend gespielt} b5 38. axb5 $1 {kräftig gespielt} axb5 39.
R4c3 Qe6 40. cxd6 {Es droht Matt} Rxc3 41. Qxc3 Qxd6 42. Qb2 b4 (42... Qa6 43.
Qe5 Rd8 44. Qxf4 $18) 43. Rc8+ Rd8 44. Rxd8+ Qxd8 45. Qxb4 Qd1+ 46. Kf2 g5 47.
Qb8+ Kg7 48. Qe5+ f6 49. Qd4 {Droht Matt} Qc2 50. h4 h6 51. h5 Qa2 52. Qe4 Qf7
53. Nd4 Qxh5 (53... Kh8 54. Qe6 Qxe6 55. Nxe6 Kg8 $18) 54. Nf5+ Kf8 (54... Kh8
{wäre gleichermaßen fruchtlos} 55. Qa8+ Kh7 56. Qb7+ Kg6 57. Qe4 g4 58. Ng3+
Kf7 59. Nxh5 g3+ 60. Ke2 f5 61. Qe5 Kg6 62. Qf6+ Kxh5 63. Qxf5+ Kh4 64. Qg4#)
55. Qe7+ (55. Qe7+ Kg8 56. Qg7#) 1-0

[Event "Pzg.MS"]
[Site "?"]
[Date "2000.10.20"]
[Round "2"]
[White "Kofler, Raimund"]
[Black "Grundner, Alois"]
[Result "1-0"]
[WhiteElo "1760"]
[BlackElo "1873"]
[Annotator "Fritz 5.00 (15s)"]
[PlyCount "48"]

1. e4 d5 {Opening = B01 - Skandinavische Verteidigung /Center Counter} 2. exd5
Nf6 3. d4 Nxd5 4. c4 Nb6 5. c5 Nd5 6. Bc4 g6 {aus dem Buch} 7. Qa4+ c6 {
Sichert b5+d5} 8. Qb3 Bg7 9. Nc3 O-O 10. Nxd5 cxd5 11. Bxd5 Nc6 12. Ne2 Nxd4
13. Nxd4 Bxd4 14. Bh6 ({Nachteilig ist} 14. Bxb7 Bxb7 15. Qxb7 Qa5+ (15... Bxc5
$143 16. O-O $11) 16. Bd2 Qxc5 $17) 14... Qa5+ 15. Kd1 Bg7 $11 (15... Bxf2 16.
Ke2 (16. Bxf8 $143 Bg4+ 17. Kc2 Qxc5+ 18. Qc4 Bf5+ (18... Rxf8 $6 19. Qxc5 Bxc5
20. Rac1 $15) 19. Kd1 Rd8 20. Qxc5 Bxc5 $17) 16... Bxc5 17. Bxf8 Bg4+ 18. Bf3
$15) 16. Bxg7 Kxg7 17. Qe3 $19 (17. Ke2 $142 $5 $15 {steht zur Diskussion})
17... Rd8 18. Qe5+ Kg8 $4 $17 {gibt den Vorteil aus der Hand} (18... Kh6 19. h4
Be6 20. Qf4+ Kg7 $19) 19. Ke2 Qb5+ (19... Qxc5 $4 {der Bauer ist nicht zu
nehmen} 20. Bxf7+ $1 {das war die Absicht} Kxf7 21. Qxc5 $18) 20. Ke1 Qb4+ (
20... Qxc5 $4 {das Schlagen des Bauern ist schlecht} 21. Bxf7+ $1 {die
Entscheidung} Kxf7 22. Qxc5 $18) 21. Ke2 e6 (21... Qxc5 $4 {den sollte Schwarz
lieber stehen lassen} 22. Bxf7+ $1 {nun ist alles klar} Kxf7 23. Qxc5 $18) 22.
Be4 $4 $19 {führt zu weiterem Ungemach} (22. Bf3 $142 $17) 22... Rd4 (22... f6
$5 {läßt dem Gegner kaum Chancen} 23. Qf4 Qxb2+ 24. Kf3 $19) 23. Kf3 Qxb2 (
23... Bd7 {ginge schneller} 24. Rhe1 f5 25. Rad1 Rxd1 26. Rxd1 Qxe4+ 27. Qxe4
fxe4+ 28. Ke3 $19) 24. Rae1 Rd3+ $4 $18 {ein schwacher Zug, der den Gewinn
vergibt} (24... f6 $142 {mit klarem Vorteil für Schwarz} 25. Qc7 e5 $19 (25...
Qxa2 $6 26. Qe7 e5 27. Qe8+ Kg7 28. Qe7+ Qf7 29. Qxf7+ Kxf7 30. Rb1 $19)) 1-0

[Event "1. Klasse Süd"]
[Site "?"]
[Date "2000.10.21"]
[Round "2"]
[White "Weiß, Johann"]
[Black "Grundner, Alois"]
[Result "1/2-1/2"]
[WhiteElo "1873"]
[BlackElo "1700"]
[PlyCount "58"]

1. e4 c5 {Opening = B54 - Sizilianisch-Rauser Anti-Drachen /Sicilian-Rauser
Anti Dragon} 2. Nf3 d6 3. d4 cxd4 4. Nxd4 Nf6 5. Bd3 g6 6. O-O Bg7 7. Bb5+ {
aus dem Buch} Nbd7 8. Nc3 O-O 9. Bxd7 Bxd7 10. Qd3 a6 {Deckt b5} 11. Re1 Re8
12. Nd5 $15 (12. Rd1 Qa5 $11) 12... Nxd5 13. exd5 Qa5 14. Nf3 Bf5 15. Qb3 Qc7
16. c3 {Sichert d4} Rac8 17. Be3 b5 18. Bd4 Qb7 $16 (18... Bh6 $5 $11 {ist
bedenkenswert}) 19. Bxg7 Kxg7 20. Nd4 $15 (20. Rad1 $5 $11) 20... Bd3 21. a4
Bc4 22. Qb4 Rc5 23. axb5 axb5 24. Ra5 Rxd5 25. b3 Rg5 $11 (25... Bd3 26. Re3 e5
27. Rxd3 exd4 28. cxd4 $15) 26. g3 Bd3 27. Re3 $17 (27. c4 $142 $5 {ist
interessant} Re5 28. Nxb5 Rxe1+ 29. Qxe1 $11) 27... Be4 $11 (27... Re5 28. Nc6
Qxc6 $19) 28. Rxb5 Qa8 $4 $18 {vergibt den Vorteil} (28... Ra8 $142 {und
Schwarz spielt mit} 29. f3 Ra1+ 30. Kg2 Rxb5 31. Qxb5 Ra2+ 32. Kg1 Ra1+ 33. Kg2
Ra2+ 34. Kg1 Ra1+ 35. Kg2 $11) 29. Qa4 $4 $11 {danach wendet sich das Blatt} (
29. Rxe4 $142 {und die Waage neigt sich zugunsten von Weiß} Rxg3+ 30. hxg3 Qxe4
31. Ra5 $18) 29... Qxa4 1/2-1/2

[Event "1. Klasse Süd"]
[Site "?"]
[Date "2000.11.04"]
[Round "3"]
[White "Grundner, Alois"]
[Black "Kohlbauer, Josef"]
[Result "1-0"]
[WhiteElo "1874"]
[BlackElo "1700"]
[PlyCount "77"]

1. d4 d5 {Opening = D40 - Damengambit-Verbess Tarrasch /Queen's
Gambit-improved Tarrasch} 2. c4 e6 3. Nc3 c5 4. Nf3 Nc6 5. e3 Nf6 6. Bd3 Nb4 {
aus dem Buch} 7. Bb1 dxc4 8. O-O b6 9. Ne5 Bd6 $11 (9... cxd4 $5 10. exd4 Be7
$15) 10. Nxc4 Bb8 $14 (10... Ba6 11. Nxd6+ Qxd6 12. dxc5 $14) 11. Qf3 $15 (11.
dxc5 $142 $5 {sieht noch spielbar aus} Qc7 12. Nd6+ Kf8 13. Qf3 $14) 11... Nbd5
$11 (11... Ba6 12. Ne5 (12. Qxa8 $2 {ist naheliegend und schlecht} Bxh2+ 13.
Kxh2 Qxa8 14. Nd6+ Ke7 $19) 12... cxd4 13. exd4 $15) 12. Rd1 Bb7 $14 (12...
cxd4 $5 {ist zu beachten} 13. exd4 Bb7 $11) 13. e4 Nxc3 14. bxc3 Qc7 15. Ne5
O-O 16. Bf4 Qc8 17. Ng4 $15 (17. a3 $5 $11 {bedarf näherer Analyse}) 17... Nxg4
18. Qxg4 f5 19. exf5 exf5 20. Qg3 Bxf4 21. Qxf4 cxd4 22. cxd4 {Der Freibauer
d4 könnte gefährlich werden} Qd7 23. Bc2 Rf6 24. Rd2 Raf8 25. Rad1 Rg6 26. Bb3+
Kh8 27. f3 {Kontrolliert e4} b5 28. Rc2 Rc6 29. Rc5 $11 {Der Turm dominiert} (
29. Re2 $5 $14) 29... a6 $16 (29... Rxc5 $5 {ist die kritische Fortsetzung} 30.
dxc5 Qe7 $11) 30. Rdc1 $14 (30. Rd5 Qc7 31. Re5 Rcf6 $16) 30... Rxc5 31. dxc5
h6 32. Qd6 Qe8 33. Kf2 Rf6 34. Re1 $11 (34. Qc7 Qc8 35. Qe7 Bc6 $16) 34...
Qxe1+ 35. Kxe1 Rxd6 36. cxd6 {Der Freibauer d6 führt schnell zu Drohungen. Es
droht Matt} Bc6 $2 $18 (36... Bc8 $142 $14 {damit wäre Schwarz im Spiel
geblieben}) 37. Be6 g6 38. d7 {Droht Matt} Bxd7 39. Bxd7 (39. Bxd7 b4 40. Kd2
$18) 1-0

[Event "Pzg.MS"]
[Site "?"]
[Date "2000.11.10"]
[Round "3"]
[White "Grundner, Alois"]
[Black "Berti, Christoph"]
[Result "1-0"]
[WhiteElo "1873"]
[BlackElo "1560"]
[Annotator "Fritz 5.00 (30s)"]
[PlyCount "31"]

1. d4 Nf6 {Opening = E77 - Königsindisch-Vierbauern Variante /King's
Indian-Four Pawn's V} 2. c4 g6 3. Nc3 Bg7 4. e4 d6 5. Be2 O-O 6. f4 c5 7. d5 {
Raumvorteil} e6 8. dxe6 fxe6 {Sichert d5} 9. Nf3 Nc6 10. O-O e5 11. fxe5 dxe5
12. Qxd8 Rxd8 13. Bg5 Be6 $16 (13... Rf8 $5 $11 {muß beachtet werden}) 14. Nd5
$14 (14. Bxf6 $5 Bxf6 15. Nd5 Bxd5 16. cxd5 $16 (16. exd5 $6 e4 17. dxc6 exf3
18. Bxf3 bxc6 $14)) 14... Bxd5 $2 $18 (14... Nxe4 $142 {und Schwarz spielt mit}
15. Bxd8 Rxd8 $16) 15. cxd5 Nd4 $4 {ein Ende mit Schrecken} (15... Na5 $142 $18
) 16. Nxd4 (16. Nxd4 cxd4 17. Bxf6 (17. Rxf6 $6 h6 $16) 17... Bxf6 18. Rxf6 $18
) 1-0

[Event "Pzg.MS"]
[Site "?"]
[Date "2000.11.17"]
[Round "4"]
[White "Danojevic, Zivko"]
[Black "Grundner, Alois"]
[Result "1-0"]
[WhiteElo "2170"]
[BlackElo "1873"]
[Annotator "Fritz 5.00 (15s)"]
[PlyCount "72"]

1. e4 c5 {Opening = B50_03 Sizilianisch 2.. d6 3.c3 / Sicilian 2.. d6 3.c3} 2.
Nf3 d6 3. c3 Nf6 4. Be2 Nc6 5. d4 cxd4 ({Jedoch nicht} 5... Nxe4 6. d5 Nxf2 7.
Kxf2 $18) 6. cxd4 $15 (6. Nxd4 $5 e5 7. Nxc6 bxc6 8. O-O $11) 6... e6 $11 (6...
Nxe4 $142 $5 {ist zu erwägen} 7. d5 Qa5+ 8. Nc3 Nxc3 9. bxc3 Ne5 $17 (9...
Qxc3+ $143 10. Bd2 Qf6 11. dxc6 bxc6 12. Rc1 $14)) 7. Nc3 Be7 8. O-O O-O 9. Bg5
b6 10. Rc1 Bb7 11. Bd3 Nd7 12. Bf4 Nxd4 13. Nxd4 e5 14. Nf5 exf4 15. Qg4 (15.
Bc4 Nf6 $14) 15... Bf6 (15... Bg5 16. Nxd6 Bc8 17. Nxc8 $11) 16. Qxf4 Ne5 17.
Rfd1 g6 18. Nd4 $4 $19 (18. Ne3 $142 {hätte die Partie gerettet} Bg5 19. Qg3
$15) 18... Bg5 $17 (18... Nxd3 $142 {machte sofort alles klar} 19. Rxd3 Bg5 $19
) 19. Qg3 Bxc1 20. Rxc1 Nxd3 21. Qxd3 Rc8 $17 (21... d5 22. exd5 Bxd5 23. Rd1
$19) 22. Rd1 Qe7 (22... Qg5 23. Ndb5 Ba6 24. a4 $17) 23. Qg3 $19 (23. Ndb5 $142
$5 $17) 23... Rxc3 $17 (23... Bxe4 24. f3 Bc6 25. Nf5 $19) 24. bxc3 Qxe4 (24...
Bxe4 $6 25. Re1 $11) 25. Qg5 $19 (25. Nb5 Re8 $1 {nun hat Schwarz die besseren
Möglichkeiten} 26. h3 Qa4 $19) 25... f6 26. Qg3 Re8 {Droht Matt: De1} 27. h3
Qe5 28. Qg4 Qe4 $11 (28... f5 $142 $5 29. Qg5 b5 $19) 29. Qg3 Re5 30. Nf3 Qc2
$11 (30... Rd5 $142 $5 31. Re1 Qa4 $17) 31. Rxd6 Bxf3 $14 (31... Rd5 32. Rxd5
Bxd5 33. Qb8+ Kg7 34. Qxa7+ Bf7 35. Qxb6 Qxc3 36. Qa7 Qa1+ 37. Kh2 Qxa2 38.
Qxa2 Bxa2 39. g4 $11) 32. Qxf3 Rf5 $2 $18 (32... Qf5 $142 $5 {und Schwarz
spielt mit} 33. Qa8+ Kg7 34. Qxa7+ Kh6 $16) 33. Qe3 $16 (33. Qa8+ Kg7 34. Rd7+
(34. Qxa7+ $6 Kh6 35. Qxb6 Qc1+ 36. Kh2 Qf4+ 37. g3 Qxf2+ 38. Qxf2 Rxf2+ 39.
Kg1 Rxa2 $16) 34... Kh6 35. Qf8+ Kg5 36. h4+ Kg4 37. Rd4+ Rf4 38. Rxf4+ Kxf4
39. Qxf6+ Ke4 40. Qe6+ Kd3 41. Qe3+ Kc4 42. Qd4+ Kb5 43. Qd5+ Ka6 44. Qc4+ Ka5
45. Qb4+ Ka6 46. Qa3+ Kb7 47. Qe7+ Kc6 48. Qxh7 Qc1+ 49. Kh2 Qf4+ 50. Kh3 Qf5+
51. Kg3 Qe5+ 52. f4 Qxc3+ 53. Kh2 $16) 33... Qxa2 $4 $18 {führt zu weiteren
Sorgen} (33... Re5 $142 34. Rd8+ Kf7 35. Rd7+ Ke8 $14) 34. Rd8+ Kg7 35. Rd7+
Kh8 36. Qe8+ Qg8 1-0